Catalogue of the terracottas in the Department of Greek and Roman antiquities : British Museum /

محفوظ في:

مؤلف مشترك: British Museum. Department of Greek and Roman Antiquities.

مؤلفون آخرون: Walters, H.B. 1867-1944.

التنسيق: كتاب

اللغة: English

منشور في: London : [Printed by order of the Trustees], 1903.

الموضوعات:

الوسوم: إضافة وسم

لا توجد وسوم, كن أول من يضع وسما على هذه التسجيلة!

رقم الطلب: NB145 .B85 1903

LEADER 00848namaa2200229 4500
001 25375
003 OSt
005 20250911083513.0
008 130303s1903 enkaf c 000 0 eng d
040 |c ARCE Library 
043 |a e-uk-en 
050 4 |a NB145 .B85 1903 
110 2 |a British Museum.  |b Department of Greek and Roman Antiquities. 
245 1 0 |a Catalogue of the terracottas in the Department of Greek and Roman antiquities :   |b British Museum /   |c by H. B. Walters.  
264 1 |a London :   |b [Printed by order of the Trustees],   |c 1903. 
300 |a xlix, 469 pages :   |b illustrations, xliv plates ;   |c 26 cm. 
650 0 |a Terra-cotta sculpture  |z England  |z London  |v Catalogs. 
650 0 |a Terra-cotta sculpture, Ancient  |v Catalogs. 
700 1 |a Walters, H.B.  |q (Henry Beauchamp),  |d 1867-1944. 
901 |a reviewed 
942 |c BK  |2 lcc 
999 |c 23804  |d 23804